<?xml version="1.0" encoding="UTF-8"?>
<collection xmlns="http://www.loc.gov/MARC21/slim">
 <record>
  <leader>02300nam a2200265 a 4500</leader>
  <controlfield tag="001">TVCDKTCT9747</controlfield>
  <controlfield tag="003">Thư viện trường Cao đẳng Kỹ thuật Cao Thắng</controlfield>
  <controlfield tag="005">20170523104337.5</controlfield>
  <controlfield tag="008">080606</controlfield>
  <datafield tag="980" ind1="\" ind2="\">
   <subfield code="a">Thư viện Trường CĐ Kỹ Thuật Cao Thắng</subfield>
  </datafield>
  <datafield tag="024" ind1=" " ind2=" ">
   <subfield code="a">RG_1 #1 eb0 i1</subfield>
  </datafield>
  <datafield tag="041" ind1="0" ind2="#">
   <subfield code="a">vie</subfield>
  </datafield>
  <datafield tag="082" ind1="#" ind2="#">
   <subfield code="a">003 / </subfield>
   <subfield code="b">GI108T-n</subfield>
  </datafield>
  <datafield tag="100" ind1="1" ind2="#">
   <subfield code="a">Nguyễn Văn Vỵ</subfield>
  </datafield>
  <datafield tag="245" ind1="0" ind2="0">
   <subfield code="a">Giáo trình phân tích thiết kế hệ thống thông tin / </subfield>
   <subfield code="c">Nguyễn Văn Vỵ</subfield>
  </datafield>
  <datafield tag="250" ind1="#" ind2="#">
   <subfield code="a">In lần thứ 1</subfield>
  </datafield>
  <datafield tag="260" ind1="#" ind2="#">
   <subfield code="a">Hồ Chí Minh : </subfield>
   <subfield code="b">Đại học Quốc Gia Tp Hồ Chí Minh , </subfield>
   <subfield code="c">2004</subfield>
  </datafield>
  <datafield tag="300" ind1="#" ind2="#">
   <subfield code="a">214tr. ; </subfield>
   <subfield code="c">20.5 cm</subfield>
  </datafield>
  <datafield tag="520" ind1="#" ind2="#">
   <subfield code="a">Hệ thống thông tin tin học là một ứng dụng đầy đủ và toàn diện nhất các thành tựu của hệ thống thông tin vào một tổ chức. Ngày nay, không một tổ chức nào là không có nhu cầu xây dựng các hệ thống thông tin. Không những nhu cầu xây dựng các hệ thống thông tin tăng lên, mà quy mô và mức độ phức tạp của chúng cũng tăng lên không ngừng.</subfield>
  </datafield>
  <datafield tag="520" ind1="#" ind2="#">
   <subfield code="a">Tài liệu này được biên soạn nhằm trình  bày những nội dung cơ bản của hoạt động phân tích và thiết kếm Hệ thống thông tin, và đặc biệt chú trọng đến mặt vận dụng thực hành của nó. Vì vậy, ngoài các nội dung về phương pháp luận, phương pháp, công nghệ và công cụ cơ bản , để có thể truyền đạt được một phần kinh nghiệm. Tài liêu đưa ra nhiều ví dụ ứng dụng cụ thể cùng với cách trình bày theo chuẩn mực thiết kế để người thực hành có thể bắt chước theo đó mà làm.</subfield>
  </datafield>
  <datafield tag="650" ind1="#" ind2="4">
   <subfield code="a">Công nghệ thông tin</subfield>
  </datafield>
  <datafield tag="650" ind1="#" ind2="4">
   <subfield code="a">Hệ thống thông tin</subfield>
  </datafield>
  <datafield tag="650" ind1="#" ind2="4">
   <subfield code="a">Phân tích-thiết kế</subfield>
  </datafield>
  <datafield tag="721" ind1="#" ind2="#">
   <subfield code="a">Công nghệ thông tin</subfield>
  </datafield>
  <datafield tag="841" ind1="#" ind2="#">
   <subfield code="b">Kho Sách </subfield>
   <subfield code="j">100025413, 100025450, 100025451, 100025452, 100025465, 100025466, 100025467, 100025468, 100025469, 100025470</subfield>
  </datafield>
 </record>
</collection>
